000
00316nam a22001457a 4500
008
230324b ||||| |||| 00| 0 eng d
020
_a
2900132569537
041
_a
eng
080
_2
LEVEL TWO
_a
621
082
_a
621HAL
100
_a
21
101
_a
INXINIERI
245
_a
ELECTRICAL
_c
HALL.P
942
_2
udc
_c
BK
999
_c
59443
_d
59443